Social orientation of higher education institutions in India (with special reference to Kerala state) / (Record no. 27109)

MARC details
000 -LEADER
fixed length control field 00532nam a2200145Ia 4500
041 ## - LANGUAGE CODE
Language code of text/sound track or separate title English
082 ## - DEWEY DECIMAL CLASSIFICATION NUMBER
Classification number RR.0299
100 ## - MAIN ENTRY--AUTHOR NAME
Personal name R., Prakash Oillai
Affiliation Loyola college of Social Sciences
245 #0 - TITLE STATEMENT
Title Social orientation of higher education institutions in India (with special reference to Kerala state) /
Statement of responsibility, etc Prakash Oillai R.
260 ## - PUBLICATION, DISTRIBUTION, ETC. (IMPRINT)
Place of publication New Delhi :
Name of publisher/Sponsor Indian Council of Social Science Research,
Year of publication 2014
300 ## - PHYSICAL DESCRIPTION
Number of Pages v.p.
650 ## - SUBJECT ADDED ENTRY--TOPICAL TERM
Topical Term Higher education institutions
Geographic subdivision India
-- Kerala
650 ## - SUBJECT ADDED ENTRY--TOPICAL TERM
Topical Term Educational change
942 ## - ADDED ENTRY ELEMENTS (KOHA)
Source of classification or shelving scheme Dewey Decimal Classification
Koha item type Books
Holdings
Withdrawn status Lost status Damaged status Not for loan Collection code Home library Current library Date acquired Source of acquisition Full call number Accession Number Price effective from Koha item type
      Not For Loan ICSSR Research Project Reports NASSDOC Library NASSDOC Library 24/11/2021 Gifted by: RP Division ICSSR RR.0299 51741 21/12/2021 Research Reports